Nagy Zoltán Mihály A sátán fattya című regényének keletkezéstörténeti háttere a kárpátaljai magyar irodalomban /

Elmentve itt :
Bibliográfiai részletek
Szerző: Szombathelyi Anita
További közreműködők: Ilia Mihály (Témavezető)
Dokumentumtípus: Szakdolgozat
Megjelent: 2004
Tárgyszavak:
Online Access:http://diploma.bibl.u-szeged.hu/43367
LEADER 00637nta a2200157 i 4500
001 dipl43367
005 20140801151841.0
008 140801s2004 hu om 0|| hun d
040 |a SZTE Diploma Repozitórium  |b hun 
041 |a hun 
100 1 |a Szombathelyi Anita 
245 1 0 |a Nagy Zoltán Mihály  |h [elektronikus dokumentum] :  |b A sátán fattya című regényének keletkezéstörténeti háttere a kárpátaljai magyar irodalomban /  |c Anita Szombathelyi 
260 |c 2004 
650 4 |a Bölcsészettudományok 
700 1 |a Ilia Mihály  |e ths 
856 4 0 |u http://diploma.bibl.u-szeged.hu/id/eprint/43367/1/2004_szombathelyi_anita.pdf  |z Dokumentum-elérés